000
00246nam a2200097Ia 4500
001
691969
005
20250826161846.0
008
250824s9999 xx 000 0 und d
245
0
_a
FESLEĞEN
_c
HİKMET ANIL ÖZTEKİN
260
_b
HAYY KİTAP YAYINLARI
999
_c
691969
_d
691969